| Tag |
First Indicator |
Second Indicator |
Subfields |
| LEADER |
00000cam a2200000 4500 |
| 001 |
in00000062309 |
| 005 |
20151222091150.0 |
| 008 |
720424s1927 enk b 00000 eng u |
| 010 |
|
|
|a 28006006
|
| 035 |
|
|
|a (OCoLC)00291535
|
| 035 |
|
|
|9 AAG9478AM
|
| 040 |
|
|
|c YNG
|d TXA
|d UtOrBLW
|
| 049 |
|
|
|a TXAM
|c [209835]
|
| 050 |
|
0 |
|a PR5087.S6
|b P5
|
| 092 |
|
|
|a 335
|b P538s
|
| 100 |
1 |
|
|a Von Helmholtz-Phelan, Anna Augusta von,
|d 1880-1964.
|
| 245 |
1 |
4 |
|a The social philosophy of William Morris /
|c by Anna A. von Helmholtz-Phelan, Ph.D.
|
| 264 |
|
1 |
|a Durham, N.C. :
|b Duke university press,
|c 1927.
|
| 300 |
|
|
|a 207 pages :
|b frontispiece (portrait)
|
| 336 |
|
|
|a text
|b txt
|2 rdacontent
|
| 337 |
|
|
|a unmediated
|b n
|2 rdamedia
|
| 338 |
|
|
|a volume
|b nc
|2 rdacarrier
|
| 490 |
1 |
|
|a Duke University publications
|
| 504 |
|
|
|a Bibliography: pages [194]-197.
|
| 600 |
1 |
0 |
|a Morris, William,
|d 1834-1896.
|
| 650 |
|
0 |
|a Socialism.
|
| 830 |
|
0 |
|a Duke University publications.
|
| 999 |
|
|
|a MARS
|
| 999 |
f |
f |
|s d8336357-4044-3dd6-a95e-b2f9c91dca9d
|i b44e00c0-2770-3ef9-9311-a96ea412e95f
|t 0
|
| 952 |
f |
f |
|p normal
|a Texas A&M University
|b College Station
|c Sterling C. Evans Library
|d Evans: Library Stacks
|t 0
|e PR5087.S6 P5
|h Library of Congress classification
|i unmediated -- volume
|m A14800743956
|
| 998 |
f |
f |
|a PR5087.S6 P5
|t 0
|l Evans: Library Stacks
|